书目信息 |
| 题名: |
难得清醒
|
|
| 作者: | 李庄 著 | |
| 分册: | ||
| 出版信息: | 北京 人民日报出版社 1999.09 |
|
| 页数: | 479页 | |
| 开本: | 32开 | |
| 丛书名: | ||
| 单 册: | ||
| 中图分类: | I251 | |
| 科图分类: | ||
| 主题词: | 报告文学--中国 , 传记文学--中国 | |
| 电子资源: | ||
| ISBN: | 7-80153-185-X | |
| 000 | 00553nam0 2200205 45 | |
| 001 | 0008170885 | |
| 005 | 20000817081659.1 | |
| 010 | @a7-80153-185-X@d25.60元 | |
| 100 | @a20000817d1999 km y0chiy0120 ea | |
| 101 | 0 | @achi |
| 105 | @a z 000yy | |
| 200 | 1 | @a难得清醒@ANan De Qing Xing@f李庄 著@FLi Zhuang Zhu |
| 210 | @a北京@c人民日报出版社@d1999.09 | |
| 215 | @a479页@d32开 | |
| 606 | 0 | @a报告文学@x中国 |
| 606 | 0 | @a传记文学@x中国 |
| 690 | @aI251@v3 | |
| 701 | 0 | @a李庄@4著 |
| 801 | @aCN@bPftUser@c20000817 | |
| 905 | @b108745-749@dI251@eL.749@f5 | |
| 难得清醒/李庄 著.-北京:人民日报出版社,1999.09 |
| 479页;32开 |
| ISBN 7-80153-185-X:25.60元 |
| ● |
| 相关链接 |
|
|
|
正题名:难得清醒
索取号:I251/L.749
 
预约/预借
| 序号 | 登录号 | 条形码 | 馆藏地/架位号 | 状态 | 备注 |
| 1 | 108745 | 201087457 | 文学库108/108文学库 66排9列2层/ [索取号:I251/L.749] | 在馆 | |
| 2 | 108746 | 201087466 | 文学库108/108文学库 66排8列2层/ [索取号:I251/L.749] | 在馆 | |
| 3 | 108747 | 201087475 | 社科二线400B/400B社科库 24排1列2层/ [索取号:I251/L.749] | 在馆 | |
| 4 | 108748 | 201087484 | 文学库108/108文学库 66排9列2层/ [索取号:I251/L.749] | 在馆 | |
| 5 | 108749 | 201087493 | 文学库108/108文学库 66排9列2层/ [索取号:I251/L.749] | 在馆 |